000 00882-am-a2200217-a-4500
001 000076582
003 AM-YEHGA
005 20250617121800.0
008 990913s1988 ru ||||| |||| 00| 0 rus d
040 _aAM-YeHGA
041 0 _arus
245 0 0 _aГеографическая интерпретация аэрокосмической информации /
_cОтв. ред. Л.Н. Васильев.
260 _aМосква :
_bНаука,
_c1988.
300 _a132 с.
440 0 _aСовременные проблемы биосферы
550 _aАН СССР. Науч. совет по проблемам биосферы
650 1 4 _aКосмические летательные аппараты
_xФизико-географические исследования
700 1 _aВасильев, Л.Н.
_eред.
_4edt
942 _2udc
_cBK
090 _c23526
999 _c23249
_d23249